000
00351nam a2200145Ia 4500
008
151213s9999 xx 000 0 und d
100
_a
F.Haque Fcy
245
_a
Tree Taxes of Bangladesh
_c
F.Haque Fcy
260
_a
Dhaka
_b
Shamb
_c
2004
300
_a
2782 p.
650
_a
Marketing
650
_a
Marketing
700
_a
F.Haque Fcy
999
_c
1892
_d
1892